| 000 | 00656cam a2200193 a 4500 | ||
|---|---|---|---|
| 001 | 000007291 | ||
| 005 | 20200929154125.0 | ||
| 008 | 780517s1944 ag 000 0 spa | ||
| 040 |
_aDO-SdBNP _bspa _cBNPHU |
||
| 082 |
_axx _bG633r, 1944 |
||
| 100 | 1 |
_aGómez de la Serna, Ramón, _d1888-1963. _914278 |
|
| 245 | 1 | 0 |
_aRetratos contemporáneos / _cRamón Gómez de la Serna. |
| 250 | _a2a ed. | ||
| 260 |
_aBuenos Aires : _bSudamericana, _c1944. |
||
| 300 |
_a450 p. : _bil. ; _c21 cm. |
||
| 650 | 4 |
_aAutores españoles _xBiografías _918116 |
|
| 650 | 4 |
_aAutores españoles _zSiglo Xx _920245 |
|
| 650 | 4 |
_aLiteratura moderna _zSiglo Xx _xHistoria y crítica _920246 |
|
| 999 |
_c7072 _d7072 |
||